Rǧimen de incorporacin̤ fiscal 2018

Detalles Bibliográficos
Autor principal: Luna Guerra, Antonio
Formato: eBook
Lenguaje:español
Publicado: Ciudad de Mx̌ico: Ediciones Fiscales ISEF, 2018
Materias:
Acceso en línea:Acceso restringido

MARC

LEADER 00000nam a22000007a 4500
005 20180414234456.0
007 cr|||| ||||
008 180414s2018 mx |||||s|||| 00||0 spa d
020 |a 978-607-406-991-4 
035 |a 21346 
040 |a vLex 
090 |c 7766  |d 7766 
100 1 |a Luna Guerra, Antonio 
245 1 0 |a Rǧimen de incorporacin̤ fiscal 2018  |h [Recurso electrn̤ico] /  |c Antonio Luna Guerra 
256 |a Servicio en ln̕ea 
260 |a Ciudad de Mx̌ico:  |b Ediciones Fiscales ISEF,  |c 2018 
300 |a 1 recurso electrn̤ico 
500 |a Desaparecen los regm̕enes de pequeǫs contribuyentes e intermedio; este libro da a conocer aquellas facilidades que podrǹ tener algunos contribuyentes que se incorporen al RÉGIMEN DE INCORPORACIÓN FISCAL. 
506 1 |a Disponible solo en los productos indicados  |d vLex Global  |d vLex Global (Academic Edition, excluding Law Schools)  |d vLex Global (U.S. Academic Edition, Law Schools)  |d vLex Global (U.S. Academic Edition, excluding Law Schools)  |d vLex Global (Academic Edition, Law Schools) 
650 0 4 |a Derecho Fiscal  |z Mx̌ico 
740 0 |a vLex Libros (Servicio en ln̕ea) 
856 4 0 |u http://vlex.com/source/regimen-de-incorporacion-fiscal-2018-21346  |z Acceso restringido 
942 |c BOOK 
999 0 |a Tax Law